Populer dan simpatik dalam pergaulan, (Record no. 61765)

MARC details
000 -LEADER
fixed length control field 00541cam a22002051 4500
001 - CONTROL NUMBER
control field sa 65000823
003 - CONTROL NUMBER IDENTIFIER
control field DLC
005 - DATE AND TIME OF LATEST TRANSACTION
control field 20260227112105.0
008 - FIXED-LENGTH DATA ELEMENTS--GENERAL INFORMATION
fixed length control field 890510q19601965io 000 0 ind
010 ## - LIBRARY OF CONGRESS CONTROL NUMBER
LC control number sa 65000823
035 ## - SYSTEM CONTROL NUMBER
System control number (OCoLC)23576008
040 ## - CATALOGING SOURCE
Original cataloging agency DLC
Transcribing agency MiU
Modifying agency DLC
042 ## - AUTHENTICATION CODE
Authentication code premarc
050 00 - LIBRARY OF CONGRESS CALL NUMBER
Classification number BJ1588.I5
Item number S8
100 1# - MAIN ENTRY--PERSONAL NAME
Personal name Sutojo, M. D.
245 10 - TITLE STATEMENT
Title Populer dan simpatik dalam pergaulan,
Statement of responsibility, etc. himpunan Sutojo M. D.
260 ## - PUBLICATION, DISTRIBUTION, ETC.
Place of publication, distribution, etc. Tasikmalaja,
Name of publisher, distributor, etc. Swandjaja
Date of publication, distribution, etc. [196-?]
300 ## - PHYSICAL DESCRIPTION
Extent 73 p.
Dimensions 16 cm.
650 #0 - SUBJECT ADDED ENTRY--TOPICAL TERM
Topical term or geographic name entry element Conduct of life

No items available.

Powered by Koha